00413cam a22000977a 4500008004000000082001700040245011100057260006800168300000900236700007000245180718b1959 xxu||||| |||| 00| 0 eng d aI5400x42 Un3 aU.K. government information servicescby Reference division, Central Office of Information, United Kingdom aLondonbReference Division, Central Office of Informationc1959 a18+p aUnited Kingdom. Central Office of Information. Reference Division